50 JUGADORES con mas MEDIA en FC26 - Estadísticas

Estadísticas generales
  • Esta prueba ha sido intentada 58 veces
  • La puntuación promedio es 33 de 50
Estadísticas de respuestas
MEDIA EQUIPO JUGADOR % Correcto
91 Real Madrid Mbappe
100%
90 PSG Dembele
96%
91 Liverpool Salah
96%
88 Real Madrid Vinicius Jr
91%
90 Manchester City Haaland
89%
89 Barcelona Lamine Yamal
85%
89 Barcelona Pedri
83%
90 Real Madrid Bellingham
81%
88 Real Madrid Courtois
81%
90 Manchester City Rodri
81%
90 Liverpool Van Dijk
81%
89 Manchester City Donnarumma
79%
88 Inter de Milan Lautaro
77%
87 Atletico de Madrid Julian Alvarez
74%
89 Bayern Munich Kane
74%
88 Barcelona Lewandowski
74%
89 PSG Vitinha
74%
89 Barcelona Raphinha
72%
88 Liverpool Florian Wirz
70%
89 PSG Hakimi
68%
88 Atletico de Madrid Jan Oblak
68%
87 Napoles Kevin De Bruyne
68%
88 Arsenal Saka
68%
89 Liverpool Alisson
66%
89 Bayern Munich Kimmich
66%
88 Real Madrid Valverde
66%
87 Chelsea Cole Palmer
64%
87 Arsenal Saliba
62%
87 Arsenal Declan Rice
60%
87 Barcelona Jules Kounde
57%
87 PSG Marquinhos
57%
88 Bayern Munich Musiala
57%
88 Arsenal Gabriel
55%
87 Galatasaray Osimhen
55%
87 Inter de Milan Alessandro Bastoni
53%
87 Borussia Dormund Guirassy
53%
87 Liverpool Mac Allister
53%
87 Inter de Milan Barella
51%
87 Manchester United Bruno Fernandes
51%
87 Arsenal Martin Odegaard
51%
87 Arsenal Viktor Gyokeres
51%
88 Liverpool Isak
49%
87 Inter de Milan Sommer
49%
87 Arsenal David Raya
47%
87 Milan Mike Maignan
47%
87 Barcelona Frenkie de Jong
45%
87 PSG Kvara
45%
87 PSG Nuno Mendes
45%
87 Chelsea Moises Caicedo
43%
87 Bayern Munich Jonathan Tah
21%
No se encontraron pruebas coincidentes
Distribución de puntuación
Porcentaje de gente con cada puntuación
Porcentaje por número respondido
Historial de tus puntuaciones
No has intentado esta prueba.